| 000 | 00789naa a22002297u 4500 | ||
|---|---|---|---|
| 001 | 18540 | ||
| 003 | HDC | ||
| 007 | cr bn ---aaaaa | ||
| 008 | 210227t xx 000 0 eng | ||
| 040 | _aHDC | ||
| 245 | 4 | _aThe Philadelphia Story-German Biotechnology Cleans Up at US Industry Awards | |
| 260 |
_a[No place] : _b[publisher not identified], _c[no year] |
||
| 336 |
_atext _2rdacontent |
||
| 337 |
_acomputer _2rdamedia |
||
| 338 |
_aonline resource _2rdacarrier |
||
| 650 |
_aBiotechnology _9343 |
||
| 650 |
_aPharmaceutical industry _9799 |
||
| 856 | _zRequest full-text at [email protected] | ||
| 942 | _2lcc | ||
| 942 | _cEIJ | ||
| 942 | _kEMAG 000686 | ||
| 999 |
_c15856 _d15856 |
||